| 000 | 00595nam a2200229Ia 4500 | ||
|---|---|---|---|
| 008 | 170712s9999 xx 000 0 und d | ||
| 020 | _a9789712720338 | ||
| 050 | _a899.21 | ||
| 050 | _bL473 2008 | ||
| 100 | _aLedesma,RJ | ||
| 245 | _aLies my yaya should have told me : | ||
| 245 | _bRJ Ledesma's imaginary guide to whine and women / | ||
| 245 | _cby RJ Ledesma. | ||
| 260 | _aPhilippines : | ||
| 260 | _bAnvil, | ||
| 260 | _c2008 | ||
| 300 | _a114 pages : | ||
| 300 | _billustrations ; | ||
| 300 | _c20cm. | ||
| 650 | _aPhilippine wit and humor (English). | ||
| 650 | _aTitle. | ||
| 999 |
_c340298 _d340298 |
||